Histoire du drapeau de l'Uruguay - Statistiques

Statistiques générales
  • Ce quiz a été pris 28 fois
  • Le résultat moyen est 4 sur 7
Statistiques - réponses
Hint Réponse % Correct
Troisième drapeau de l'Uruguay (drapeau actuel depuis 1830)
79%
Vice-royauté du Perou (1624-1776)
58%
Provinces-unies du Río Plata (1810-1816)
53%
Vice-royauté du Río Plata (1776-1810)
53%
Province Cisplatine (1816-1825)
47%
Deuxième drapeau de l'Uruguay (1828-1830)
47%
Premier drapeau de l'Uruguay (1825-1828)
32%
Aucun quiz correspondant
Distribution des résultats
% des personnes avec chaque résultat
Percentile par nombre de réponses
Votre historique - résultats
Vous n’avez pas pris ce quiz